| 000 | 00673nam a2200193 a 4500 | ||
|---|---|---|---|
| 001 | 000034678 | ||
| 005 | 20200930073832.0 | ||
| 008 | 111018s1980 cl 000 0 spa d | ||
| 040 |
_aDO-SdBNP _bspa _cBNPHU |
||
| 082 |
_axxxx _bE93p |
||
| 100 | 1 |
_aEvers, Ben _960110 |
|
| 245 | 1 | 0 |
_aPerspectivas de reajuste industrial : la comunidad económica europea y los paises en desarrollo. / _cBen Evers, Gerard de Groot y Willy Wagenmans. |
| 260 |
_aSantiago de Chile : _bCEPAL, _c1980. |
||
| 300 |
_a76 p. ; _c22 cm. |
||
| 490 | 1 |
_aCuadernos de la CEPAL _v35 |
|
| 700 | 1 |
_aGroot, Gerard de _960111 |
|
| 700 | 1 |
_aWagenmans, Willy _960112 |
|
| 830 | 0 |
_aCuadernos de la CEPAL _v35 _93079 |
|
| 999 |
_c34169 _d34169 |
||